00718nam a2200193 i 450000100060000000300090000600500170001500700030003200800410003510000200007624501830009626000520027930000550033154600360038665000240042265100300044670000240047685200240050095052ES-MaACL20230906181626.0t|050520s1904 xxu ||||1| spa d1 aLumholtz, Carl.13aEl México desconocido b: cinco años de explotación entre las tribus de la Sierra Madre Occidental... / cpor Carl Lumholtz ; traducido al castellano por Balbino Dávalos. aNueva York : bCharles Scribner's Sons, c1904. a2 v. (XXXV, 516; XVIII, 516 p.) : bil. ; c25 cm. aTextos en español e inglés. 4aIndios de México. 4aMéxico-xDescripción.1 aDávalos, Balbino. aES-MaACLjF-7762-63